01007cam a2200241 a 4500020003500000020004000035040000800075082002600083245004200109260004300151300002000194490002700214500013100241650003500372650003000407650003100437700002100468700002100489710008100510942001000591999001700601952014700618 a1555876269 (pbk. : alk. paper) a1555876137 (hardcover : alk. paper) cDLC00a361 LYN 1996 C151 Or.00aNGOs, the UN, and global governance / aBoulder, Colo. :bLynne Rienner,c1996 a250 p. ;c23 cm1 aEmerging global issues a"Published in association with the Thomas J Watson, Jr., Institute for International Studies, Brown University"--P. facing t.p 0aNon-governmental organizations 0aInternational cooperation 0aInternational organization1 aWeiss, Thomas G.1 aGordenker, Leon,2 aThomas J. Watson, Jr. Institute for International Studies (Brown University) cAEDBB c18710d18710 0010406361_000000000000000_LYN_1996_C151_OR70983136aLBCbLBCcC151d2020-01-14eA38681o361 LYN 1996 C151 Or.r2020-01-14w2020-01-14yEK